Verejná diplomacia ako jeden zo spôsobov komunikácie v interkultúrnom prostredí

Problematika verejnej diplomacie, ako jednej z novo definovaných dimenzií diplomacie, zvýrazňujúcich význam komunikácie v medzinárodnom prostredí.

Saved in:
Bibliographic Details
Main Author: Rusiňáková, Jarmila, 1959-
Format: Book Chapter
Language:Slovak
Subjects:
Tags: Add Tag
No Tags, Be the first to tag this record!

MARC

LEADER 00000naa$a2200000$$$4500
001 0297286
005 20240502074512.6
041 0 |a slo 
044 |a SK 
245 1 0 |a Verejná diplomacia ako jeden zo spôsobov komunikácie v interkultúrnom prostredí  |c Jarmila Rusiňáková 
520 |a Problematika verejnej diplomacie, ako jednej z novo definovaných dimenzií diplomacie, zvýrazňujúcich význam komunikácie v medzinárodnom prostredí. 
610 2 0 |a diplomacia 
610 2 0 |a komunikácia 
610 2 0 |a kultúra 
610 2 0 |a kulturológia 
610 2 0 |a interakcia sociálna 
100 1 |a Rusiňáková, Jarmila, 1959-